000 00320nam a2200157Ia 4500
100 _aBalabanian/N
490 _v2
942 _cBK
654 _aelectrical
245 _aElectrical Science
260 _bMcGraw Hill
_aNew York
_c1973
082 _a621.3192
_bBAL
300 _a482
546 _aENGLISH
999 _c24084
_d24084